Представление документа в формате MARC21

Поле Инд. ПП Название Значение
Тип записи a
Библиографический уровень b
001 Контрольный номер RU/IS/BASE/293717594
005 Дата корректировки 20200611211401.3
008 Кодируемые данные 20090422
040 b Код языка каталог. rus
e Правила каталог. PSBO
041 0_ a Код языка текста rus
084 a Индекс другой классификации/Индекс ББК 87.533; 87.228.4
100 1_ a Автор Кравец А. С.
245 10 a Заглавие Смыслы и ценности
504 a Библиография Примеч. и библиогр. ссылки
520 0_ a Аннотация Философский анализ многочисленных подходов и концепций смысла, соотнесения смыслов и ценностей с целью преодоления существующей неопределенности в их теоретическом понимании. Предложена модель соотношения смыслов и ценностей
650 04 a Основная рубрика гносеология (эпистемология); аксиология (теория ценностей)
a Основная рубрика философия
653 0_ a Ключевые слова значимость
a Ключевые слова когнитивные смыслы
a Ключевые слова осмысление
a Ключевые слова осмысленное
a Ключевые слова оценивание
a Ключевые слова смысл
a Ключевые слова смыслотворчество
a Ключевые слова ценности
a Ключевые слова ценностное знание
a Ключевые слова ценностное отношение
a Ключевые слова ценностные смыслы
773 08 t Заглавие источника Вестник Московского университета. Серия 7, Философия
d Дата издания источника 2007
g Прочая информация № 6. - С. 3 - 26
w Контрольный № источника RU/IS/BASE/261756053
901 t Тип документа b